LEADER 01806nam a2200349 u 4500 001 000000029484 003 CaOOAMICUS 005 20070226111924.0 008 970318s1996 be u000 u fre u 020 $a9061867231 (Leuven UP) 020 $a9068317938 (Peeters Leuven) 020 $a2877232972 (Peeters France) 035 $a10756231 040 $aBAV$bita$dIAR 100 1 $aThomasset, Alain.$0(OLS)http://pul/name/23828 245 10$aPaul Ric{oelig}ur :$bune poétique de la morale : aux fondements d'une éthique herméneutique et narrative dans une perspective chrétienne /$cAlain Thomasset. 260 $aLeuven :$bLeuven University Press ;$aLeuven :$bPeeters,$c1996. 300 $axvi, 706, 6 p. ;$c25 cm 490 1 $aBibliotheca Ephemeridum theologicarum Lovaniensium ;$v124 500 $aComprende riferimenti bibliografici e indici. 600 14$aRicoeur, Paul,$d1913-2005.$0(OLS)http://pul/subject/6719 830 0$aBibliotheca Ephemeridum theologicarum Lovaniensium ;$v124.$0(OLS)http://pul/title/1445 850 $aPUL 852 $aPUL$W1$xSL Religione 1$y3$m17 A 124$j40854$nBK-PRI$b $qStampati$B40854$CPULBib$Z2$F40854 $H $81 941 1 $a8 961 $aINV: 87691 996 $6020$a9061867231 (Leuven UP)$9(OLS)http://pul/number/36885 996 $6020$a9068317938 (Peeters Leuven)$9(OLS)http://pul/number/36886 996 $6020$a2877232972 (Peeters France)$9(OLS)http://pul/number/36887 996 $6245$aPaul Ric{oelig}ur :$bune poétique de la morale : aux fondements d'une éthique herméneutique et narrative dans une perspective chrétienne$9(OLS)http://pul/title/40365 996 $6260$aLeuven :$bLeuven University Press$9(OLS)http://pul/publisher/48301 996 $6260$aLeuven :$bPeeters$9(OLS)http://pul/publisher/51363 LEADER 01411nam a2200277 u 4500 001 000000052175 003 CaOOAMICUS 005 20070226115423.0 008 001010s1974 it u000 u ita u 035 $a10857755 040 $aPUL(R)$bita 100 1 $aVilleggiante, Sebastiano.$0(OLS)http://pul/name/27498 245 12$aL'incapacità psicologica come causa di nullità del matrimonio in diritto canonico /$cSebastiano Villeggiante. 260 $aRoma :$b[s.n.],$c1974. 300 $aP. [3]-72 ;$c25 cm 500 $a"Estratto da: Studi di diritto canonico in onore di Marcello Magliocchetti, Volume terzo". 504 $aBibliografia in nota. 650 4$aMatrimonio (diritto canonico)$xNullità.$0(OLS)http://pul/subject/5787 850 $aPUL 852 $aPUL$W1$xDP1 Fondo Ciprotti$y59$m1544 C 20$j69012$nBK-PRI$b $qFondi$B69012$CPULBib$Z2$F69012 $81 852 $aPUL$W1$xDP1 Fondo G. Barberini$y122$m3 B 55$j162919$nBK-PRI$b 2 copia$qFondi$B178697$CPULBib$Z2$F178697 $HBar1985 $81 852 $aPUL$W1$xDP1 Fondo Liberati$y125$m2 H 20$j202028$qFondi$B207229$CPULBib$Z2$F207229 $HLib86 $82 941 1 $a1 961 $aINV: F. Ciprotti 996 $6245$aL'incapacità psicologica come causa di nullità del matrimonio in diritto canonico$9(OLS)http://pul/title/69975 996 $6260$aRoma :$b[s.n.]$9(OLS)http://pul/publisher/47958